| 000 | 01132cam a22003015i 4500 | ||
|---|---|---|---|
| 001 | 17693233 | ||
| 003 | ARRUPE | ||
| 005 | 20170209110007.0 | ||
| 008 | 130411s2013 rh a b 000 0 eng | ||
| 010 | _a 2012314836 | ||
| 020 | _a9781779222160 | ||
| 040 |
_aDLC _beng _cDLC _erda _dDLC |
||
| 042 |
_alcode _apcc |
||
| 043 | _af-rh--- | ||
| 050 | 0 | 0 |
_aDT2996 _b.H37 2013 |
| 245 | 0 | 4 |
_aThe hard road to reform : _bthe politics of Zimbabwe's Global Political Agreement / _cedited by Brian Raftopoulos. |
| 260 |
_aHarare _bWeaver Press _c2013 |
||
| 300 |
_axxv, 255 pages : _billustrations ; _c21 cm |
||
| 504 | _aIncludes bibliographical references (pages 251-255). | ||
| 650 | 0 |
_aCoalition governments _zZimbabwe. _928554 |
|
| 651 | 0 |
_aZimbabwe _xPolitics and government _y1980- _928555 |
|
| 700 | 1 |
_aRaftopoulos, Brian. _928556 _eed. |
|
| 710 | 2 |
_aSolidarity Peace Trust. _928557 |
|
| 856 | 4 | 1 |
_3Table of contents only _uhttp://www.loc.gov/catdir/toc/fy15pdf01/2012314836.html |
| 906 |
_a7 _bibc _corigode _d3 _encip _f20 _gy-gencatlg |
||
| 942 |
_2lcc _cMONOGRAPH |
||
| 999 |
_c126035 _d126035 |
||